Campeões Campeonato Mineiro - Statistics

Estatísticas Gerais
  • Esse quiz foi jogado 263 vezes
  • A pontuação média é 5 de 7
Estatísticas das Respostas
Titulos Titulo Recente Clubes % Correto
48 Titulos 2023 Atlético MG
100%
38 Titulos 2019 Cruzeiro
100%
16 Titulos 2016 America MG
98%
1 Titulo 2005 Ipatinga
71%
5 Titulos 1951 Villa Nova
60%
1 Titulo 2002 Caldense
52%
2 Titulos 1964 Siderurgica
42%
Nenhum quiz correspondente encontrado
Distribuição das Pontuações
Porcentagem de Pessoas com Cada Pontuação
Percentil de Números Respondidos
Sua Pontuação Histórica
Você não jogou esse quiz